Countries With the Letter G - Statistics

General Stats
  • This quiz has been taken 191 times
  • The average score is 36 of 45
Answer Stats
Countries % Correct
Germany
97%
Guinea
96%
Guyana
92%
Algeria
89%
Argentina
89%
Greece
89%
Guatemala
89%
Ghana
88%
Guinea-Bissau
88%
Gambia
87%
United Kingdom
87%
Grenada
86%
Papua New Guinea
85%
Afghanistan
84%
Angola
84%
Belgium
84%
Antigua andBarbuda
82%
Gabon
82%
Georgia
82%
Mongolia
81%
Uruguay
81%
Niger
80%
Bangladesh
79%
Democratic Republicof the Congo
79%
Equatorial Guinea
79%
Nigeria
79%
Paraguay
79%
Republic ofthe Congo
79%
Egypt
78%
Hungary
78%
Portugal
78%
Madagascar
75%
Tonga
75%
Uganda
75%
Senegal
74%
Togo
74%
Bulgaria
73%
Kyrgyzstan
73%
Saint Vincent andthe Grenadines
73%
Luxembourg
71%
Nicaragua
69%
Singapore
68%
Trinidad and Tobago
68%
Bosnia andHerzegovina
67%
Montenegro
65%
No matching quizzes found
Score Distribution
Percent of People with Each Score
Percentile by Number Answered
Your Score History
You have not taken this quiz